000 00345nam a2200133 i 4500
001 bg
100 1 _aMACHIAVELLI, N.
245 0 _aKsiążę :
_brozważania nad pierwszym dziesięcioksiągiem... /
_cN. Machiavelli.
260 _aWarszawa,
_c1987.
040 _cBPK
041 _apol
942 _cKS
008 s pl f |000 0 pol
999 _c23766
_d23766
856 _uhttp://koha.tu.koszalin.pl/cgi-bin/koha/opac-detail.pl?biblionumber=23766
_yKatalog online BPK